[Event "Lanzarote op"]
[Site "Lanzarote"]
[Date "2018.06.25"]
[Round "2"]
[White "Perez Hernandez, Diego"]
[Black "Garcia Alvarez, Miguel Angel"]
[Result "0-1"]
[WhiteElo "1421"]
[BlackElo "1411"]
[PlyCount "60"]
[EventDate "2018.06.25"]
[EventType "swiss"]
[EventRounds "9"]
[EventCountry "ESP"]
[SourceTitle "CBM 185 Extra"]
[Source "ChessBase"]
[SourceDate "2018.07.29"]
[SourceVersion "1"]
[SourceVersionDate "2018.07.29"]
[SourceQuality "1"]

1. g3 c6 2. Bg2 d5 3. Nf3 Bf5 4. 0-0 e6 5. d3 Nf6 6. c4 Bd6 7. Nc3 0-0 8. Bg5 Nbd7 9. Bxf6 Nxf6 10. Qb3 Qc7 11. Ng5 h6 12. Nge4 dxe4 13. dxe4 Bg6 14. f4 Ng4 15. e5 Bc5+ 16. Kh1 Ne3 17. Rf2 Bc2 18. Qxc2 Nxc2 19. e3 Nxa1 20. Rf1 Nc2 21. Na4 Bxe3 22. Rf3 Qa5 23. b3 Qe1+ 24. Rf1 Qxf1+ 25. Bxf1 Rad8 26. g4 Rd1 27. h4 Rxf1+ 28. Kg2 Rxf4 29. Kh1 Rf2 30. Kg1 Rd8 0-1